| 000 | 004450000a22001810004500 | ||
|---|---|---|---|
| 003 | MACL | ||
| 005 | 20151229132331.0 | ||
| 008 | 151229b xxu||||| |||| 00| 0 eng d | ||
| 040 |
_aMACL _cMACL |
||
| 041 | _aEnglish | ||
| 082 | _a170/STA | ||
| 100 |
_aStall, Sylvanus _923844 |
||
| 245 | _aWhat a Young Boy Ought to Know | ||
| 260 |
_bThe vir Publishing Co. _c1909* |
||
| 350 | _a4.00 | ||
| 650 |
_aEthics _923845 |
||
| 942 |
_cBK _k170/STA _2ddc |
||
| 999 |
_c38262 _d38262 |
||